| 000 | 00739nam a2200229Ia 4500 | ||
|---|---|---|---|
| 003 | GCL | ||
| 008 | 140319s9999 xx 000 0 ara d | ||
| 040 |
_aGCL / _cGCL |
||
| 082 | 0 | 4 |
_a711.59 _bن ف |
| 100 | 1 | _aسيد محمد التونى | |
| 245 | 1 | 0 |
_aفى تصميم وتخطيط المناطق السكنية مدخل وتطبيق / _cسيد محمد التونى |
| 700 | 1 | _aنسمات عبد القادر | |
| 260 |
_a[S.N] : _bالعربى للنشر والتوزيع ، _c1988 |
||
| 490 | _a | ||
| 650 | 0 | 4 | _aالاسكان |
| 650 | 0 | 4 | _aالمدن |
| 650 | 0 | 4 | _aالمساكن |
| 650 | 0 | 4 | _aتخطيط المدن |
| 650 | 0 | 4 | _aالاحياء السكنية |
| 650 | 0 | 4 | _aالمبانى العامة |
| 942 |
_2ddc _cBK |
||
| 999 |
_c30859 _d30859 |
||